Cuentos junto a la lumbre : (Registro nro. 8751)

Detalles MARC
000 -LIDER
fixed length control field 00938nam a22002777a 4500
003 - IDENTIFICACDOR DE NÚMERO DE CONTROL
control field DO-SdBNP
005 - DATE AND TIME OF LATEST TRANSACTION
control field 20240524124746.0
008 - ELEMENTOS DE LONGITUD FIJA
fixed length control field 151117b 2002 it | 00| 0 spa d
020 ## - ISBN
International Standard Book Number 88884050602
040 ## - FUENTE DE CATALOGACIÓN
Agencia que crea de manera original el registro BPMSU
Idioma de catalogación spa
Agencia que realiza la transcripción BPMSU
041 17 - CÓDIGOS DE OBRAS TRADUCIDAS O EN VARIOS IDIOMAS
Código del idioma del texto/archivo de sonido o separata spa
Cód. del idioma original y/o traducciones intermedias del texto ita
082 #4 - NÚMERO DE CLASIFICACIÓN DECIMAL DE DEWEY
Classification number 853.91
Item number E59c 2002
Edition number 22
100 1# - ASIENTO PRINCIPAL -- NOMBRE PERSONAL
Nombre personal Enna, Francesco
245 10 - MENCIÓN DE TITULO
Título Cuentos junto a la lumbre :
Subtítulo historias y leyendas de Cerdeña /
Mención de responsabilidad Francesco Enna; traducción de Gabriel Andrés; ilustraciones de Bruno Enna.
260 ## - PUBLICACIÓN, DISTRIBUCIÓN, ETC. (PIE DE IMPRENTA)
Lugar de publicación, distribución, etc Italia :
Nombre del editor, distribuidor, etc. Arci Solidarieta Cesenate,
Fecha de publicación, distribución, etc 2002.
300 ## - DESCRIPCIÓN FÍSICA
Extensión 62 p. :
Otros detalles físicos il. ;
Dimensiones 17 cm.
490 0# - MENCIÓN DE SERIES
Mención de serie Un mar de suenos,
Volume/sequential designation 7
590 ## - NOTA LOCAL
Texto de la nota local Inventariado, 2024/VM
650 #4 - ENCABEZAMIENTO DE MATERIA--TEMÁTICO
Término temático o nombre geográfico como elemento de entrada Cuentos juveniles
651 ## - ENCABEZAMIENTO DE MATERIA--NOMBRE GEOGRÁFICO
Nombre geográfico Cerdeña (Italia)
Subdivisión temática general Descripción
Subdivisión de forma Cuentos.
700 1# - ASIENTO SECUNDARIO -- NOMBRE PERSONAL
Nombre personal Andrés, Gabriel,
Mención de responsabilidad traductor
700 1# - ASIENTO SECUNDARIO -- NOMBRE PERSONAL
Nombre personal Paba, Tonina,
Mención de responsabilidad edición
700 12 - ASIENTO SECUNDARIO -- NOMBRE PERSONAL
Nombre personal Enna, Bruno,
Mención de responsabilidad il.
910 ## - VALIDACIÓN
Validación VMateo V. Control de calidad. BPMSU
942 ## - ADDED ENTRY ELEMENTS (KOHA)
Source of classification or shelving scheme Dewey Decimal Classification
Koha item type Libros
Existencias
Withdrawn status Lost status Source of classification or shelving scheme Damaged status Not for loan Collection code Home library Current library Date acquired Source of acquisition Total Checkouts Full call number Barcode Date last seen Price effective from Koha item type Copy number
    Dewey Decimal Classification     Colección Juvenil General Biblioteca Pública Metropolitana Salomé Ureña Biblioteca Pública Metropolitana Salomé Ureña 11/17/2015 Donación   BPMSU CJG 853.91 E59c 2002 BPMSU15110314 11/17/2015 11/17/2015 Libros  
    Dewey Decimal Classification     Colección Juvenil General Biblioteca Pública Metropolitana Salomé Ureña Biblioteca Pública Metropolitana Salomé Ureña 11/17/2015 Donación   BPMSU CJG 853.91 E59c 2002 BPMSU24050015 05/24/2024 11/17/2015 Libros e.2
    Dewey Decimal Classification     Colección Juvenil General Biblioteca Pública Metropolitana Salomé Ureña Biblioteca Pública Metropolitana Salomé Ureña 11/17/2015 Donación   BPMSU CJG 853.91 E59c 2002 BPMSU24050016 05/24/2024 11/17/2015 Libros e.3